000 00393nam a22001457a 4500
020 _a9788177584141
040 _cNust
082 _a686.2
_bLAM
100 _aLeslie Lamport
_9124672
245 _aA Document Preparation system LATEX
250 _a2nd Edition
260 _aNew Delhi:
_bDorling Kindersley,
_c2006.
650 _aA Document Preparation system LATEX
_9124673
942 _2ddc
_cBK
999 _c610479
_d610479